Účetnictví rozpočtových organizací

Guardado en:
Detalles Bibliográficos
Autor principal: Nováková, Štěpánka
Formato: Libro
Lenguaje:checo
Publicado: Praha Vysoká škola ekonomická 1982
Etiquetas: Agregar Etiqueta
Sin Etiquetas, Sea el primero en etiquetar este registro!

MARC

LEADER 00000nam a2200000 4500
001 c134113
005 20061208110257.2
041 0 |a cze 
044 |a CZ 
245 1 0 |a Účetnictví rozpočtových organizací  |c Štěpánka Nováková 
264 1 |a Praha  |b Vysoká škola ekonomická  |c 1982 
300 |a 116 s. 
100 1 |a Nováková, Štěpánka